Statistics for Modern day Biggest cities of the Almohad Caliphate - map

Click here to take the quiz!

General Stats

  • This quiz has been taken 264 times
  • The average score is 12 of 18

Answers on the Map

Answers color-coded by a green-red scale on the quiz's map according to % correct below.
 

Answer Stats

CountryPopulationCity% Correct
Tunisia2,358,603Tunis
96%
Algeria2,364,230Algiers
94%
Morocco3,359,818Casablanca
93%
Morocco577,827Rabat
92%
Libya1,164,309Tripoli
91%
Spain1,228,479Seville
85%
Spain1,697,919València
85%
Morocco1,112,072Fés
80%
Morocco928,850Marrakesh
72%
Spain491,397Granada
67%
Spain810,383Málaga
67%
Morocco947,952Tangier
65%
Algeria803,329Oran
64%
Tunisia628,965Sfax
47%
Algeria448,028Constantine
31%
Morocco890,403Salé
26%
Morocco520,428Meknès
24%
Morocco494,252Oujda
20%

Score Distribution

Percentile by Number Answered

Percent of People with Each Score

Your Score History

You have not taken this quiz